| 000 | 00376cam a2200157ua 4500 | ||
|---|---|---|---|
| 041 |
_amal _h |
||
| 082 |
_a923.6 _bEMJ/SC |
||
| 100 | _aE M J , Venniyoor . | ||
| 245 |
_aSchweitzer / _cE M J Venniyoor. _hTextual Documents |
||
| 260 |
_aKozhikode : _bK R Brothers , _c1961. |
||
| 300 | _a354 ; . | ||
| 504 | _a | ||
| 942 | _cBK | ||
| 999 |
_c5786 _d5786 |
||